00354pab a2200133 454500008004000000100002100040245009400061260000900155300001400164362000800178650001000186650001000196773001400206180718b2002 xxu||||| |||| 00| 0 eng d aSperling, Louise aEmergency seed aid in Kenya: some case study insights on lessons learned during the 1990s c2002 ap.329-42. aDec aSeeds aCrops aDisasters